[Event "CRO U20 1 liga"]
[Site "Cakovec"]
[Date "2020.07.18"]
[Round "10.3"]
[White "Sagovac, Kristijan"]
[Black "Tomljanovic, Ivano"]
[Result "1-0"]
[WhiteElo "1835"]
[BlackElo "1393"]
[PlyCount "43"]
[EventDate "2020.??.??"]
[WhiteClock "1:30:00"]
[BlackClock "1:30:00"]

{[%evp 0,43,42,32,26,56,63,15,43,47,82,33,29,18,85,31,59,14,81,14,14,-3,-3,-9,
7,-28,325,325,325,155,155,211,211,211,211,200,200,218,218,218,226,291,500,500,
29991,29988]} 1. e4 e5 2. Nf3 Nc6 3. Bc4 Bc5 4. c3 d6 5. b4 Bb6 6. a4 a6 7. Qb3
Qe7 8. d3 h6 9. Be3 Bxe3 10. fxe3 Nf6 11. O-O O-O 12. Nh4 Ng4 13. Ng6 Qg5 14.
Bxf7+ Rxf7 15. Qxf7+ Kh7 16. Nf8+ Kh8 17. Rf3 Nxe3 18. Rg3 Ng4 19. Na3 Qf6 20.
Qe8 Qf2+ 21. Kh1 Qb6 22. Nd7+ 1-0

[Event "CRO U20 1 liga"]
[Site "Cakovec"]
[Date "2020.07.18"]
[Round "10.4"]
[White "Kresic, Vid"]
[Black "Markovic, Patrik"]
[Result "0-1"]
[WhiteElo "1216"]
[BlackElo "1464"]
[PlyCount "88"]
[EventDate "2020.??.??"]
[WhiteClock "1:30:00"]
[BlackClock "1:30:00"]

{[%evp 0,88,39,8,13,13,36,72,49,53,65,37,59,57,84,30,85,70,90,47,73,51,70,56,
49,49,50,11,11,0,12,7,17,17,24,20,23,1,5,5,6,2,-1,-15,47,-80,-97,-97,-100,-91,
-47,-50,-21,-56,10,10,22,-4,-17,-10,-7,-23,-1,-15,8,3,2,-15,-7,-15,-9,-43,-45,
-59,-82,-87,-73,-89,-46,-135,-162,-165,-126,-126,-118,-118,-118,-350,-111,-121,
-74]} 1. d4 Nf6 2. Nf3 g6 3. Bf4 Bg7 4. e3 d5 5. c4 O-O 6. Nc3 Bg4 7. Be2 c6 8.
h3 Bf5 9. O-O Nbd7 10. Qb3 Qb6 11. Qxb6 Nxb6 12. c5 Nbd7 13. Ne5 Nxe5 14. Bxe5
Ne4 15. Bxg7 Kxg7 16. Nxe4 Bxe4 17. f3 Bf5 18. b4 Rfe8 19. g4 Bd7 20. f4 f6 21.
Rf3 e5 22. Bf1 exd4 23. exd4 Re4 24. Rd1 b6 25. Bg2 Re2 26. Rf2 Rxf2 27. Kxf2
bxc5 28. bxc5 Rb8 29. Rd2 Bc8 30. Bf1 a5 31. Be2 a4 32. Bd1 a3 33. Bb3 Ba6 34.
Ke3 Kf7 35. Rd1 Re8+ 36. Kf2 Re2+ 37. Kg3 Rb2 38. Rc1 Rd2 39. f5 Rxd4 40. Rc3
Rd3+ 41. Rxd3 Bxd3 42. fxg6+ hxg6 43. h4 Ke6 44. h5 Ke5 0-1

[Event "CRO U20 1 liga"]
[Site "Cakovec"]
[Date "2020.07.18"]
[Round "10.5"]
[White "Muha, Miljenko"]
[Black "Hederic, Gregor"]
[Result "1-0"]
[WhiteElo "2310"]
[BlackElo "1571"]
[PlyCount "49"]
[EventDate "2020.??.??"]
[WhiteClock "1:30:00"]
[BlackClock "1:30:00"]

{[%evp 0,49,40,8,18,-21,-22,-12,-14,-50,-28,-17,23,23,23,17,12,20,27,56,54,41,
51,47,61,53,60,63,61,100,74,88,88,71,230,82,120,79,129,126,148,114,200,107,174,
138,102,112,119,119,154,241]} 1. d4 e6 2. c4 Nf6 3. Nc3 Bb4 4. e3 O-O 5. Nge2
b6 6. a3 Bxc3+ 7. Nxc3 Bb7 8. Bd3 d6 9. O-O Nbd7 10. b3 c5 11. Bb2 cxd4 12.
exd4 d5 13. Re1 Rc8 14. Nb5 Ra8 15. Rc1 dxc4 16. bxc4 Ne8 17. a4 a6 18. Nc3 Nc7
19. Ne4 Nf6 20. Nxf6+ Qxf6 21. Qg4 Qh6 22. Rb1 f5 23. Qg3 f4 24. Qg4 Bc8 25.
Re5 1-0

[Event "CRO U20 1 liga"]
[Site "Cakovec"]
[Date "2020.07.18"]
[Round "10.6"]
[White "Vuk, Sebastijan"]
[Black "Cvitan, Ena"]
[Result "0-1"]
[WhiteElo "1367"]
[BlackElo "2258"]
[PlyCount "170"]
[EventDate "2020.??.??"]
[WhiteClock "1:30:00"]
[BlackClock "1:30:00"]

{[%evp 0,170,28,28,70,63,63,14,39,44,41,26,26,2,41,39,40,52,13,32,68,31,39,47,
60,39,45,18,38,-16,5,-14,-14,-11,-3,-41,-23,-30,-39,-26,-13,-35,14,-31,-43,-52,
-34,-107,-102,-62,-85,-95,-83,-99,-49,-64,-31,-77,-81,-76,-80,-113,-43,-95,-95,
-105,-116,-103,-113,-103,-74,-100,-79,-99,-59,-74,-67,-71,-90,-95,-85,-95,-95,
-95,-95,-108,-89,-88,-105,-104,-94,-105,-9,-108,-39,-109,-28,-55,-5,-31,-25,
-69,-69,-68,-40,-48,70,-134,-42,-89,20,-108,-86,-172,-172,-167,-161,-255,-225,
-264,-283,-283,-283,-283,-283,-283,-388,-388,-388,-388,-388,-388,-336,-336,
-227,-227,-212,-246,-253,-296,-286,-324,-322,-322,-395,-393,-337,-313,-331,
-335,-335,-365,-381,-381,-389,-426,-363,-422,-370,-416,-446,-568,-775,-1011,
-1145,-1230,-1292,-1226,-1395,-1096,-1429,-1199,-1497]} 1. e4 c6 2. d4 d5 3.
Nc3 dxe4 4. Nxe4 Nf6 5. Nxf6+ exf6 6. Bc4 Be7 7. Ne2 O-O 8. O-O Nd7 9. Be3 f5
10. Re1 Nb6 11. Bb3 Nd5 12. Nf4 Nxe3 13. fxe3 Bf6 14. Qf3 g6 15. Re2 Bd7 16. c3
a5 17. a3 Qb6 18. Ba2 Rae8 19. Rf1 Re7 20. Qg3 Kh8 21. h4 Rfe8 22. Rfe1 Qd8 23.
Kf2 Re4 24. Rh1 Kg8 25. Bb1 R4e7 26. Ba2 Kf8 27. Bb3 Bc8 28. Ba2 b6 29. Bc4 Bb7
30. Bd3 Qc7 31. Bc4 c5 32. Bb5 Rd8 33. Rhe1 Be4 34. Rd2 Rd6 35. Rde2 Qd8 36.
Rh1 Rc7 37. Rd2 Qe7 38. Re2 c4 39. Rd2 Rc8 40. Ba6 Rc7 41. Bb5 Rd8 42. Re2 Ra8
43. Ba4 Rd8 44. Bb5 Ra8 45. Ba4 b5 46. Bc2 Rd7 47. Rd2 b4 48. axb4 axb4 49.
Bxe4 fxe4 50. Qg4 Ra2 51. Ne2 h5 52. Qf4 Rd8 53. Qh2 Qb7 54. Rb1 Rd5 55. Qh3
Rb5 56. Qh1 bxc3 57. Nxc3 Rbxb2 58. Rdxb2 Rxb2+ 59. Kg3 Qb8+ 60. Kh3 Qc8+ 61.
Kh2 Qc7+ 62. Kh3 Qd7+ 63. Kh2 Qd6+ 64. Kh3 Qe6+ 65. Kh2 Rc2 66. Rc1 Rxc1 67.
Qxc1 Bxh4 68. Qd1 Qd6+ 69. Kh1 Qg3 70. Qe2 Qe1+ 71. Qxe1 Bxe1 72. Nxe4 c3 73.
Nxc3 Bxc3 74. Kg1 Ke7 75. Kf2 Ke6 76. Ke2 Ba5 77. e4 Bb6 78. Ke3 Kf6 79. Kd3
Kg5 80. g3 Kg4 81. Kc4 Kxg3 82. d5 h4 83. e5 h3 84. e6 fxe6 85. dxe6 Bd8 0-1

[Event "CRO U20 1 liga"]
[Site "Cakovec"]
[Date "2020.07.18"]
[Round "10.7"]
[White "Ghersinich, Enrico"]
[Black "Kristofic, Dino"]
[Result "1-0"]
[WhiteElo "2299"]
[BlackElo "1271"]
[PlyCount "47"]
[EventDate "2020.??.??"]
[WhiteClock "1:27:00"]
[BlackClock "1:30:00"]

{[%evp 0,47,31,25,64,37,56,56,47,47,41,41,87,85,90,102,145,71,105,62,78,32,46,
-15,-34,-8,72,13,65,56,128,136,311,308,308,106,303,307,357,321,422,430,796,796,
796,801,29997,29998,29999,-30000]} 1. e4 c5 2. Ne2 Nc6 3. Nbc3 Nf6 4. d4 cxd4
5. Nxd4 g6 6. Bc4 Bg7 7. Be3 Qa5 8. f3 O-O 9. Qd2 d6 10. O-O-O Bd7 11. g4 Nxd4
12. Bxd4 b5 13. Bb3 Qc7 14. Bxf6 Bxf6 15. Nd5 Qc6 16. Nxf6+ exf6 17. h4 Rfe8
18. Bd5 Qa6 19. h5 gxh5 20. Rxh5 Kf8 21. Rxh7 Be6 22. Bxa8 Qxa2 23. Rh8+ Kg7
24. Qh6# 1-0

[Event "CRO U20 1 liga"]
[Site "Cakovec"]
[Date "2020.07.18"]
[Round "10.9"]
[White "Damjanovic, Stjepan"]
[Black "Tomulic, Teo"]
[Result "0-1"]
[WhiteElo "1867"]
[BlackElo "2359"]
[PlyCount "144"]
[EventDate "2020.??.??"]
[WhiteClock "1:30:00"]
[BlackClock "1:30:00"]

{[%evp 0,144,26,28,64,26,22,3,40,57,57,57,31,31,55,52,60,25,39,64,49,1,11,14,
-11,-21,-8,-54,-54,-75,-66,-115,-89,-89,-98,-108,-77,-100,-82,-94,-85,-94,-71,
-101,-101,-115,-86,-51,-52,-58,-66,-80,-45,-63,-74,-75,-65,-66,-41,-56,-73,-97,
-114,-118,-110,-102,-76,-75,-54,-67,-50,-60,-69,-61,-52,-61,-52,-66,-60,-154,
-146,-146,-146,-160,-155,-156,-160,-151,-149,-205,-151,-165,-165,-210,-195,
-223,-195,-216,-154,-154,-168,-160,-160,-172,-158,-177,-152,-171,-131,-171,
-169,-169,-178,-219,-218,-224,-239,-300,-288,-312,-209,-255,-254,-229,-214,
-251,-198,-232,-239,-239,-222,-226,-109,-134,-122,-141,-63,-138,-168,-294,-329,
-939,-939,-1045,-1045,-29995,-29996]} 1. e4 c5 2. d4 cxd4 3. c3 dxc3 4. Nxc3
Nc6 5. Nf3 e6 6. Bc4 d6 7. O-O Be7 8. Qe2 Bd7 9. Rd1 a6 10. Bf4 e5 11. Be3 Nf6
12. Bg5 Bg4 13. Bxf6 Bxf6 14. Qd3 O-O 15. h3 Bxf3 16. Qxf3 Nd4 17. Qg4 Qc8 18.
Qxc8 Raxc8 19. Bd3 g6 20. Nd5 Kg7 21. Rac1 Bg5 22. Rc3 Rxc3 23. bxc3 Ne6 24. g3
Rc8 25. Rb1 Nc5 26. Bc2 Bd8 27. Kf1 Kf8 28. Ke2 Ke8 29. Kd2 Kd7 30. Rb4 Ba5 31.
Rb2 h6 32. Rb1 Rf8 33. Ke2 Kc8 34. Rf1 Kb8 35. Rd1 Rc8 36. Ne7 Rc7 37. Nd5 Rc6
38. Rb1 Ne6 39. Rb3 Nd4+ 40. cxd4 Rxc2+ 41. Kf1 exd4 42. a3 Bc3 43. a4 Ra2 44.
Nb6 Rc2 45. Nd5 Ra2 46. Nb6 Ba5 47. Nc4 Bc7 48. Nb2 d3 49. Nxd3 Rxa4 50. f3 b5
51. Nb4 Kb7 52. Nd5 Rc4 53. Ke2 Rc5 54. Nc3 Kc6 55. Nd5 a5 56. f4 b4 57. g4 Kb5
58. g5 hxg5 59. fxg5 Ka4 60. Rb1 Kb5 61. Kd3 Bb6 62. h4 Rc8 63. Rf1 a4 64. Rxf7
Bc5 65. h5 a3 66. h6 a2 67. Rf1 Rf8 68. Nf6 b3 69. Kc3 Bd4+ 70. Kxd4 b2 71. h7
a1=Q 72. Ng8 b1=Q+ 0-1

[Event "CRO U20 1 liga"]
[Site "Cakovec"]
[Date "2020.07.18"]
[Round "10.10"]
[White "Radenic, Filip"]
[Black "Juric, Ester"]
[Result "1-0"]
[WhiteElo "2134"]
[BlackElo "1663"]
[PlyCount "65"]
[EventDate "2020.??.??"]
[WhiteClock "1:29:00"]
[BlackClock "1:30:00"]

{[%evp 0,65,24,-36,14,-47,-53,-59,-79,-61,-26,-76,-47,-54,-41,-30,-22,-95,-43,
-50,-26,-79,-40,-26,-31,-47,-43,-43,-11,-51,4,-23,-14,-15,-11,-5,4,-5,33,-11,
18,-44,-24,1,1,21,32,-46,-26,-37,52,52,101,99,124,85,107,102,90,90,180,179,175,
180,220,227,243,197]} 1. c4 e5 2. g3 Nf6 3. Bg2 Nc6 4. Nc3 d6 5. e3 Be6 6. Nd5
g6 7. Ne2 Bg7 8. Rb1 Rb8 9. b4 Ne7 10. Qb3 c6 11. Nxf6+ Bxf6 12. O-O O-O 13.
Bb2 Bg7 14. f4 f6 15. Qc3 Bg4 16. Rbe1 Qd7 17. e4 f5 18. d3 Rf7 19. Qa3 a6 20.
Nc1 Rbf8 21. h3 Bh5 22. fxe5 Bxe5 23. Bxe5 dxe5 24. Qc3 Qd4+ 25. Qxd4 exd4 26.
Nb3 Rd8 27. c5 Kg7 28. exf5 gxf5 29. Rf4 Bg6 30. Rxd4 Rxd4 31. Nxd4 h5 32. Ne6+
Kf6 33. Nd8 1-0

[Event "CRO U20 1 liga"]
[Site "Cakovec"]
[Date "2020.07.18"]
[Round "10.11"]
[White "Mandaric, Fran"]
[Black "Troselj, Ivan"]
[Result "0-1"]
[WhiteElo "1671"]
[BlackElo "1857"]
[PlyCount "114"]
[EventDate "2020.??.??"]
[WhiteClock "1:30:00"]
[BlackClock "1:30:00"]

{[%evp 0,114,39,34,54,52,52,39,106,71,68,19,75,75,76,69,88,60,110,32,85,34,42,
21,21,-28,8,22,20,9,22,22,22,11,12,12,12,8,23,11,36,38,19,-26,-1,-63,4,16,18,
18,18,10,44,55,53,-64,-29,-50,-69,-73,-36,-67,-48,-91,-85,-85,-87,-137,-79,-75,
-79,-79,-69,-69,-79,-82,-105,-115,-126,-108,-176,-202,-163,-163,-571,-669,-738,
-701,-724,-724,-747,-747,-724,-747,-741,-772,-772,-779,-812,-830,-835,-846,
-846,-846,-704,-714,-714,-765,-829,-829,-873,-1096,-29994,-29995,-29996,-29997,
-29996]} 1. e4 c6 2. d4 d5 3. Nc3 e6 4. Nf3 Nf6 5. Bd3 dxe4 6. Nxe4 Nbd7 7. O-O
Be7 8. c4 O-O 9. b3 b6 10. Bb2 Bb7 11. Ne5 c5 12. Nxd7 Qxd7 13. d5 Nxe4 14.
Bxe4 f5 15. Bf3 exd5 16. Bxd5+ Bxd5 17. Qxd5+ Qxd5 18. cxd5 Rad8 19. Rad1 Rd7
20. f4 Rfd8 21. Rfe1 Kf7 22. Re2 g6 23. Red2 Bf6 24. Be5 Re8 25. Re2 Red8 26.
d6 Be7 27. Rde1 Bf8 28. a4 a5 29. g3 h5 30. Kg2 Bxd6 31. Bxd6 Rxd6 32. Re7+ Kf6
33. Ra7 Re6 34. Rxe6+ Kxe6 35. Rg7 Kf6 36. Rb7 Rd6 37. Kh3 Ke6 38. Kh4 Kd5 39.
Kg5 Kd4 40. Rg7 Kc3 41. Rxg6 Rxg6+ 42. Kxg6 Kxb3 43. Kxf5 c4 44. Kg6 c3 45. f5
c2 46. f6 c1=Q 47. f7 Qc5 48. Kg7 Qg5+ 49. Kh8 Qh6+ 50. Kg8 Qg6+ 51. Kf8 Kc4
52. Ke7 Qg7 53. h3 Kd5 54. g4 Qe5+ 55. Kf8 Ke6 56. Kg8 Qg5+ 57. Kf8 Qg6 0-1

[Event "CRO U20 1 liga"]
[Site "Cakovec"]
[Date "2020.07.18"]
[Round "10.12"]
[White "Zekic, Patrik"]
[Black "Markovic, Marko"]
[Result "1-0"]
[WhiteElo "1699"]
[BlackElo "1643"]
[PlyCount "47"]
[EventDate "2020.??.??"]
[WhiteClock "1:30:00"]
[BlackClock "1:30:00"]

{[%evp 0,47,39,16,34,-32,1,2,0,-39,8,-1,13,-2,68,50,69,55,74,48,66,53,66,40,60,
25,42,18,18,9,14,-7,10,1,1,1,49,32,48,79,72,76,133,143,192,225,234,238,1082,
1138]} 1. d4 d5 2. c4 e6 3. Nc3 Nf6 4. Bg5 Be7 5. e3 O-O 6. Nf3 c6 7. Bd3 Nbd7
8. O-O b6 9. cxd5 exd5 10. Rc1 Bb7 11. Qe2 c5 12. Rfe1 h6 13. Bh4 Ne4 14. Bxe7
Qxe7 15. Ba6 Nxc3 16. Rxc3 Bxa6 17. Qxa6 c4 18. b3 cxb3 19. axb3 Nf6 20. Rec1
Rfd8 21. Ne5 Ne4 22. Rc7 Qb4 23. Rxf7 Qxb3 24. Qb7 1-0

[Event "CRO U20 1 liga"]
[Site "Cakovec"]
[Date "2020.07.18"]
[Round "10.13"]
[White "Topalic, Fran"]
[Black "Levacic, Matej"]
[Result "0-1"]
[WhiteElo "1741"]
[BlackElo "2040"]
[PlyCount "82"]
[EventDate "2020.??.??"]
[WhiteClock "1:30:00"]
[BlackClock "1:30:00"]

{[%evp 0,82,39,39,65,65,65,48,51,51,41,22,46,31,57,12,36,29,54,0,73,48,82,56,
61,19,45,18,11,-11,-11,-26,-15,-29,24,-61,-53,-71,-79,-103,-89,-88,-88,-180,
-149,-149,-149,-163,-162,-188,-167,-177,-178,-170,-176,-183,-132,-207,-156,
-169,-165,-165,-166,-199,-147,-206,-144,-154,-152,-185,-225,-229,-212,-244,
-209,-210,-235,-226,-246,-250,-256,-287,-298,-337,-365]} 1. e4 c6 2. Nf3 d5 3.
Nc3 dxe4 4. Nxe4 Nf6 5. Ng3 c5 6. d4 cxd4 7. Qxd4 Qxd4 8. Nxd4 a6 9. Bc4 e6 10.
O-O Be7 11. Rd1 O-O 12. Bf4 Bd7 13. Rd2 Nc6 14. Nxc6 Bxc6 15. Rad1 Nd5 16. Be5
Bg5 17. Re2 Nf4 18. Bxf4 Bxf4 19. Ne4 Rfd8 20. Rxd8+ Rxd8 21. f3 Rd1+ 22. Kf2
Bxh2 23. g3 Bg1+ 24. Kg2 Bb6 25. b3 Kf8 26. a4 Ke7 27. g4 Ba5 28. Kf2 Rh1 29.
Kg2 Re1 30. Rxe1 Bxe1 31. Bd3 Ba5 32. Kf2 Bb6+ 33. Kg3 h6 34. Kh4 f5 35. gxf5
exf5 36. Nc3 Kf6 37. Kg3 g5 38. Bc4 Bc7+ 39. Kf2 Ke5 40. Bd3 h5 41. Ne2 Bb6+
0-1

[Event "CRO U20 1 liga"]
[Site "Cakovec"]
[Date "2020.07.18"]
[Round "10.14"]
[White "Ljubicic, Mario"]
[Black "Matota, Dominik"]
[Result "1-0"]
[WhiteElo "1807"]
[BlackElo "1966"]
[PlyCount "79"]
[EventDate "2020.??.??"]
[WhiteClock "1:30:00"]
[BlackClock "1:30:00"]

{[%evp 0,79,39,39,39,39,42,15,28,-3,-9,-34,-5,-44,-50,-44,-2,-2,-3,-28,-26,-31,
-8,-22,-3,-41,-19,-42,-42,-46,-29,-42,12,-47,-22,-34,53,32,63,39,93,131,471,
167,370,327,351,308,308,298,298,356,356,486,615,615,618,636,636,644,720,769,
1346,1346,2055,2091,2091,1318,1318,2386,29991,29992,29993,29990,29991,1501,
1500,1363,1563,1630,1630,1274]} 1. e4 e5 2. Nf3 Nc6 3. Bc4 Bc5 4. c3 Nf6 5. d3
d6 6. Bb3 h6 7. Be3 Bb6 8. Nbd2 Be6 9. Bc2 O-O 10. O-O Qd7 11. Re1 Rfe8 12. Nf1
Rad8 13. Ng3 Bxe3 14. fxe3 d5 15. exd5 Nxd5 16. Qd2 f6 17. d4 exd4 18. exd4
Nde7 19. Qd3 g6 20. Ne4 Kf7 21. Qf1 Ng8 22. Nc5 Qc8 23. Nxe6 Rxe6 24. Bb3 Rdd6
25. Rxe6 Rxe6 26. d5 Rd6 27. dxc6+ Kg7 28. cxb7 Qxb7 29. Qc4 Rd8 30. Qf7+ Kh8
31. Nh4 Qb6+ 32. Kh1 Ne7 33. Qxe7 Rg8 34. Bxg8 Kxg8 35. Qe8+ Kg7 36. Qxg6+ Kf8
37. Qxh6+ Ke7 38. Qg7+ Kd8 39. Qg8+ Kd7 40. Rb1 1-0

[Event "CRO U20 1 liga"]
[Site "Cakovec"]
[Date "2020.07.18"]
[Round "10.17"]
[White "Cotic, Borna"]
[Black "Jambresic, Filip"]
[Result "1/2-1/2"]
[WhiteElo "2049"]
[BlackElo "2082"]
[PlyCount "118"]
[EventDate "2020.??.??"]
[WhiteClock "1:29:00"]
[BlackClock "1:30:00"]

{[%evp 0,118,39,35,64,64,64,32,106,28,28,54,42,28,69,67,70,62,50,57,71,94,104,
104,87,45,82,46,34,22,70,51,49,28,35,37,49,30,65,68,117,46,58,94,94,72,72,65,
69,26,0,0,-9,-9,1,-22,-7,-50,-14,-14,-14,2,13,-16,-19,-19,41,27,97,60,60,50,7,
7,11,-12,1,1,0,0,0,0,16,39,57,65,113,98,98,98,133,132,205,139,209,115,115,104,
60,57,72,46,32,1,1,23,52,54,38,38,16,16,37,16,16,0,0,0,0,0,0]} 1. e4 c5 2. Nf3
Nc6 3. Bb5 g6 4. Bxc6 dxc6 5. d3 Bg7 6. h3 e5 7. Nc3 Qc7 8. Be3 b6 9. Qd2 Nf6
10. Bh6 O-O 11. Bxg7 Kxg7 12. O-O Ne8 13. Rae1 f6 14. Nh4 g5 15. Nf3 Qd6 16.
Ne2 Nc7 17. Ng3 h6 18. Qe2 Kh7 19. Nd2 Be6 20. Nc4 Qe7 21. Ne3 Rad8 22. Ngf5
Bxf5 23. Nxf5 Qf7 24. g3 Ne6 25. Kh2 Nd4 26. Nxd4 cxd4 27. b3 Rde8 28. f4 gxf4
29. gxf4 Rg8 30. Qf3 Rg6 31. fxe5 Rxe5 32. Rg1 Reg5 33. Rxg5 Rxg5 34. e5 Qe6
35. Qxf6 Qxf6 36. exf6 Kg6 37. Re7 Kxf6 38. Rxa7 Rc5 39. Kg3 Rxc2 40. Kf4 Rh2
41. Ra6 Rxh3 42. Rxb6 Rxd3 43. Rxc6+ Kg7 44. Ke4 Rd2 45. a4 h5 46. a5 Rb2 47.
Kxd4 Rxb3 48. Kc4 Ra3 49. Kb4 Ra1 50. Kb5 h4 51. a6 h3 52. Rc2 Kg6 53. Rh2 Ra3
54. Kb6 Kg5 55. a7 Kg4 56. Rc2 Rxa7 57. Kxa7 Kg3 58. Rc3+ Kg2 59. Rxh3 Kxh3
1/2-1/2

[Event "CRO U20 1 liga"]
[Site "Cakovec"]
[Date "2020.07.18"]
[Round "10.18"]
[White "Karlusic, Luka"]
[Black "Simunic, Krunoslav"]
[Result "1-0"]
[WhiteElo "2159"]
[BlackElo "2047"]
[PlyCount "57"]
[EventDate "2020.??.??"]
[WhiteClock "1:30:00"]
[BlackClock "1:30:00"]

{[%evp 0,57,35,19,19,-21,9,-10,28,15,19,-1,22,22,21,21,17,21,18,-11,23,-34,-31,
-66,6,-43,-31,-58,9,-39,-5,3,3,28,28,-41,-23,-23,-6,35,13,-161,-48,-20,66,128,
128,142,103,234,200,224,224,225,225,225,458,461,29997,29998]} 1. d4 Nf6 2. c4
e5 3. dxe5 Ng4 4. Bf4 g5 5. Bg3 Bg7 6. Nf3 Nc6 7. Nc3 Ngxe5 8. e3 d6 9. Be2 Be6
10. Qa4 Bd7 11. Qa3 Be6 12. Nd5 Nxf3+ 13. gxf3 Ne5 14. Rd1 c6 15. Nc3 Nxc4 16.
Bxc4 Bxc4 17. Bxd6 Qf6 18. f4 gxf4 19. Bxf4 Qg6 20. Kd2 Bf8 21. Qa5 b5 22. Kc1
Bc5 23. Qc7 Qe6 24. Ne4 Bb6 25. Nf6+ Qxf6 26. Qd7+ Kf8 27. Bd6+ Kg7 28. Rhg1+
Kh6 29. Qh3+ 1-0

[Event "CRO U20 1 liga"]
[Site "Cakovec"]
[Date "2020.07.18"]
[Round "10.19"]
[White "Baric, Marko"]
[Black "Cigrovski, Jakov"]
[Result "1-0"]
[WhiteElo "1831"]
[BlackElo "2010"]
[PlyCount "63"]
[EventDate "2020.??.??"]
[WhiteClock "1:30:00"]
[BlackClock "1:30:00"]

{[%evp 0,63,35,29,55,55,111,68,96,26,82,38,38,-71,8,-1,-1,-6,3,-5,7,-58,2,-1,
23,2,3,-13,-20,-15,-3,-20,-79,-130,-146,-183,-183,-215,-215,-223,20,16,-128,
-162,-107,-183,-63,-79,-107,-172,-180,-185,-185,-208,-164,-139,27,48,84,84,575,
585,29995,29996,29997,29998]} 1. e4 c5 2. Nf3 d6 3. Bb5+ Nd7 4. O-O a6 5. Bd3
Ngf6 6. c3 b5 7. Bc2 Bb7 8. Qe2 Qc7 9. d4 cxd4 10. Nxd4 e6 11. Bg5 Be7 12. Nd2
O-O 13. f4 Rac8 14. Rac1 b4 15. c4 Qb6 16. N2b3 e5 17. fxe5 dxe5 18. Be3 exd4
19. Bxd4 Qc7 20. e5 Ne8 21. Bf5 Rd8 22. Qe3 f6 23. exf6 Bxf6 24. Qh3 g6 25.
Be6+ Kh8 26. Kh1 Qd6 27. c5 Bxg2+ 28. Kxg2 Qc6+ 29. Kg1 Ne5 30. Bxe5 Bxe5 31.
Rxf8+ Kg7 32. Rf7+ 1-0

[Event "CRO U20 1 liga"]
[Site "Cakovec"]
[Date "2020.07.18"]
[Round "10.20"]
[White "Mahecic, Lovre"]
[Black "Cecic-Sule, Dino"]
[Result "1-0"]
[WhiteElo "1977"]
[BlackElo "1695"]
[PlyCount "65"]
[EventDate "2020.??.??"]
[WhiteClock "1:30:00"]
[BlackClock "1:30:00"]

{[%evp 0,65,29,-21,1,1,5,-79,-54,-13,-34,-56,-30,-66,-8,-11,9,9,15,19,-3,-21,
-8,-8,-1,-2,0,20,14,-3,54,54,78,83,95,95,104,95,117,93,104,62,77,67,61,62,106,
17,90,53,151,113,113,137,181,208,208,212,189,209,209,212,245,278,330,407,407,
454]} 1. c4 e5 2. Nc3 Nf6 3. g3 d5 4. cxd5 Nxd5 5. Bg2 Nxc3 6. bxc3 Bd6 7. d3
O-O 8. Nf3 h6 9. O-O Nc6 10. a4 Qe7 11. Nd2 Be6 12. Ne4 f5 13. Nxd6 cxd6 14.
Ba3 Qd7 15. d4 exd4 16. cxd4 Bc4 17. Rc1 Ba6 18. Re1 Rfe8 19. e3 d5 20. Rb1 b6
21. Qh5 Kh7 22. Rec1 Na5 23. Bb4 g6 24. Qf3 Bd3 25. Qxd5 Qxd5 26. Bxd5 Rad8 27.
Rc7+ Kh8 28. Rd1 Be2 29. Re1 Rxd5 30. Rxe2 Kg8 31. Rec2 g5 32. Rxa7 f4 33. Rcc7
1-0

[Event "CRO U20 1 liga"]
[Site "Cakovec"]
[Date "2020.07.19"]
[Round "11.1"]
[White "Levacic, Matej"]
[Black "Cotic, Borna"]
[Result "1/2-1/2"]
[WhiteElo "2040"]
[BlackElo "2049"]
[PlyCount "61"]
[EventDate "2020.??.??"]
[WhiteClock "1:30:00"]
[BlackClock "1:30:00"]

{[%evp 0,61,58,5,44,-17,1,2,47,20,5,0,31,20,34,27,54,29,29,52,57,56,53,55,52,
38,51,57,66,48,48,41,71,62,94,65,76,55,55,47,63,40,51,59,67,14,60,55,80,71,70,
-102,-65,-65,-69,-75,-28,-102,-64,-58,-58,-37,-38,-33]} 1. d4 d5 2. c4 e6 3.
Nc3 Be7 4. Nf3 Nf6 5. Bf4 O-O 6. e3 Nbd7 7. Be2 b6 8. cxd5 Nxd5 9. Nxd5 exd5
10. O-O Bb7 11. Rc1 c5 12. b3 Rc8 13. Bd3 Nf6 14. Bf5 Ra8 15. Ne5 g6 16. Bd3
Kg7 17. h3 Rc8 18. Qe2 Nh5 19. Bh2 cxd4 20. exd4 Rxc1 21. Rxc1 Bd6 22. g4 Nf6
23. Bf4 Qe7 24. Qd2 Rc8 25. Re1 Ne4 26. Bh6+ Kg8 27. Bxe4 dxe4 28. Rd1 Bd5 29.
Rc1 Rxc1+ 30. Qxc1 Qc7 31. Qf4 1/2-1/2

[Event "CRO U20 1 liga"]
[Site "Cakovec"]
[Date "2020.07.19"]
[Round "11.2"]
[White "Simunic, Krunoslav"]
[Black "Ljubicic, Mario"]
[Result "1/2-1/2"]
[WhiteElo "2047"]
[BlackElo "1966"]
[PlyCount "30"]
[EventDate "2020.??.??"]
[WhiteClock "1:25:00"]
[BlackClock "1:30:00"]

{[%evp 0,30,21,44,13,-36,38,48,66,29,33,8,4,3,25,12,12,35,23,20,21,-13,52,43,
70,70,120,120,107,77,70,55,146]} 1. d4 Nf6 2. c4 g6 3. Nc3 Bg7 4. g3 O-O 5. Bg2
d6 6. Nf3 Nc6 7. d5 Ne5 8. Nxe5 dxe5 9. e4 e6 10. O-O exd5 11. cxd5 Ne8 12. f4
f5 13. fxe5 Bxe5 14. Bf4 Qf6 15. Qd2 Ng7 1/2-1/2

[Event "CRO U20 1 liga"]
[Site "Cakovec"]
[Date "2020.07.19"]
[Round "11.3"]
[White "Bedic, Noemi"]
[Black "Baric, Marko"]
[Result "1/2-1/2"]
[WhiteElo "1712"]
[BlackElo "1831"]
[PlyCount "72"]
[EventDate "2020.??.??"]
[WhiteClock "1:30:00"]
[BlackClock "1:30:00"]

{[%evp 0,72,33,32,54,84,100,-2,96,-8,49,-6,2,9,29,-33,-38,-62,-33,8,11,3,3,50,
-5,-11,-41,-26,-23,-23,-4,-4,-4,-35,-38,-46,-12,-81,-77,-94,-43,-94,-2,-43,-26,
1,-1,-18,37,36,65,72,68,35,35,41,34,42,42,40,51,25,63,99,146,49,121,174,161,60,
60,35,52,43,43]} 1. e4 c5 2. Nf3 Nc6 3. g3 g6 4. Bg2 Bg7 5. O-O d6 6. d3 Nf6 7.
c3 O-O 8. Re1 Qb6 9. Nbd2 Be6 10. Ng5 Bg4 11. f3 Bd7 12. Nc4 Qc7 13. a4 h6 14.
Nh3 Na5 15. Nxa5 Qxa5 16. d4 cxd4 17. cxd4 Qb6 18. Kh1 Rac8 19. Nf4 Rc4 20. d5
Nh7 21. a5 Qc7 22. Bf1 Rc5 23. a6 bxa6 24. Rxa6 Rc8 25. Be3 Ra5 26. b4 Rxa6 27.
Bxa6 Rb8 28. Qb3 Qc3 29. Rb1 Ng5 30. Kg2 Ba4 31. Qxc3 Bxc3 32. Rc1 Bf6 33. h4
Nh7 34. Rc8+ Rxc8 35. Bxc8 Bc3 36. Bxa7 Bxb4 1/2-1/2

[Event "CRO U20 1 liga"]
[Site "Cakovec"]
[Date "2020.07.19"]
[Round "11.5"]
[White "Tomulic, Teo"]
[Black "Topalic, Fran"]
[Result "1-0"]
[WhiteElo "2359"]
[BlackElo "1741"]
[PlyCount "53"]
[EventDate "2020.??.??"]
[WhiteClock "1:30:00"]
[BlackClock "1:30:00"]

{[%evp 0,53,22,18,29,29,42,27,8,-25,-38,-63,-27,-58,-37,-44,-18,-63,-59,-48,
-37,-65,-17,-12,2,-55,1,-4,-4,9,18,37,17,39,71,71,92,75,143,142,231,221,237,
172,172,193,221,226,240,229,287,289,329,281,281,703]} 1. e4 e5 2. Nf3 Nc6 3.
Bb5 a6 4. Ba4 Nf6 5. O-O Be7 6. Re1 b5 7. Bb3 d6 8. c3 O-O 9. h3 Bb7 10. d4 Re8
11. Nbd2 h6 12. Nf1 Bf8 13. Ng3 exd4 14. cxd4 Na5 15. Bc2 c5 16. d5 Rc8 17. Nf5
b4 18. Bf4 c4 19. N3d4 b3 20. axb3 Nxb3 21. Nxb3 cxb3 22. Bd3 Qb6 23. Ra3 Red8
24. Rxb3 Qa7 25. Be3 Qa8 26. Bd4 Nd7 27. Nxh6+ 1-0